01578nab a22002417a 4500003000400000005001700004008004100021040001100062100003700073245007500110260007300185300001500258500015400273505055600427505008900983650001501072650002501087650001501112650002701127650002201154650001501176773014501191OSt20250225115137.0190603e xxum|||| |||| 00| 0 spa d cPJ-TDF aFerrer, Francisco Alberto Magin.13aLas uniones de hecho y el derecho sucesorio /cFrancisco A. M. Ferrer. cCiudad Autónoma de Buenos Aires :aThomson Reuters La Ley, b2024. ap. 205-214 aCita: TR LALEY AR/DOC/1973/2024. Publicado en: R.C.C. y C. 2024 (Septiembre-Octubre). EDICIÓN ESPECIAL: XXIX Jornadas Nacionales de Derecho Civil. aSumario: I. Posicionamiento de la solidaridad y el vínculo afectivo como fuente de la vocación sucesoria.— II. Derecho sucesorio intestado de los integrantes de una pareja de hecho del mismo o diferente sexo, siempre que cumplan ciertos recaudos.— III. Legislación comparada.— IV. Tendencia legislativa en nuestra región.— V. Las uniones de hecho en el Cód. Civ. y Com.— VI. Beneficios a través de disposiciones testamentarias.— VII. Valoración de la solución del Cód. Civ. y Com.— VIII. Deuda pendiente del legislador. t¿Te interesa el texto completo? Solicitalo al correo: koha@justierradelfuego.gov.ar 0aSUCESIONES 0aVOCACION HEREDITARIA 0aMATRIMONIO 0aUNIONES CONVIVENCIALES 0aDERECHO COMPARADO 0aTESTAMENTO0 02713dCiudad Autónoma de Buenos Aires : Thomson Reuters La Ley, 2015-tRevista Código Civil y Comercial. Nº 5 - Septiembre-Octubre 2024